|
|
|
|
| LEADER |
00887nam a22002297a 4500 |
| 001 |
AAL8280 |
| 003 |
BD-DhAAL |
| 005 |
20160628095415.0 |
| 008 |
160628s 2012bg ||||| |||| 00| 0 ben d |
| 020 |
|
|
|a 9847034302684
|
| 040 |
|
|
|a BD-DhAAL
|c BD-DhAAL
|
| 082 |
|
|
|a 891.443
|
| 100 |
|
|
|a গঙ্গোপাধ্যায়, সুনীল
|9 19748
|
| 245 |
|
|
|a অচেনা মানুষ /
|c সুনীল গঙ্গোপাধ্যায়
|
| 260 |
|
|
|a ঢাকা :
|b বিভাস,
|c ২০১২
|
| 300 |
|
|
|a ৯৫ পৃ. ;
|c ২২ সে.মি.
|
| 541 |
|
|
|e 8280
|
| 650 |
|
|
|a Bengali fiction
|9 19749
|
| 852 |
|
|
|a Savar Campus Library
|c General Shelf
|
| 942 |
|
|
|2 ddc
|c BK
|
| 999 |
|
|
|c 37635
|d 37635
|
| 952 |
|
|
|0 0
|1 0
|2 ddc
|4 0
|6 891_443000000000000_GON
|7 0
|9 59195
|a SCL
|b SCL
|c GEN
|d 2016-06-28
|g 150.00
|l 25
|m 33
|o 891.443 GON
|p 3020008280
|r 2025-08-23
|s 2025-08-18
|t 1
|w 2016-06-28
|y BK
|